Ubytovacie služby verzus prenájom nehnuteľnosti z pohľadu daní a účtovníctva

Ubytovacie služby v ubytovacích zariadeniach. Ubytovacie služby a daň z pridanej hodnoty (DPH). Účtovníctvo a základ dane z príjmov. Daň za ubytovanie a sprostredkovanie ubytovacích služieb. Akceptovanie rekreačných poukazov. Prenájom nehnuteľnosti v nadväznosti na trendy v oblasti ubytovania.

Guardado en:
Detalles Bibliográficos
Autor principal: Gášpárová, Eva
Formato: Capítulo de libro
Lenguaje:eslovaco
Materias:
Etiquetas: Agregar Etiqueta
Sin Etiquetas, Sea el primero en etiquetar este registro!

MARC

LEADER 00000naa a2200000 4500
001 0278581
005 20210920130641.7
041 0 |a slo 
044 |a SK 
245 1 0 |a Ubytovacie služby verzus prenájom nehnuteľnosti z pohľadu daní a účtovníctva  |c Eva Gášpárová 
520 |a Ubytovacie služby v ubytovacích zariadeniach. Ubytovacie služby a daň z pridanej hodnoty (DPH). Účtovníctvo a základ dane z príjmov. Daň za ubytovanie a sprostredkovanie ubytovacích služieb. Akceptovanie rekreačných poukazov. Prenájom nehnuteľnosti v nadväznosti na trendy v oblasti ubytovania. 
610 2 0 |a dane z hodnoty pridanej 
610 2 0 |a dane z príjmov 
610 2 0 |a prenájom 
610 2 0 |a ubytovanie 
610 2 0 |a nehnuteľnosti 
610 2 0 |a zariadenia ubytovacie 
610 2 0 |a účtovníctvo 
610 2 0 |a rekreácia 
100 1 |a Gášpárová, Eva